Sports Quiz

Random Sports or College Quiz

College basketball Final 4 appearances Quiz Stats

Quiz not verified by Sporcle

Challenge
Share
Tweet
Embed
Score 0/58 Timer 12:00
0 Plays Today
School Coach % Correct
UNC/KansasRoy Williams
97.2%
MarylandGary Williams
95.7%
UNCDean Smith
89.4%
CincinnatiGeorge Smith
86.5%
UCLAJohn Wooden
83%
Providence/Kentucky/LouisvilleRick Pitino
78%
UMASS/MemphisJohn Calipari
76.6%
IndianaBobby Knight
76.6%
Michigan StateTom Izzo
76.6%
GeorgetownJohn Thompson
73%
ConnecticutJim Calhoun
69.5%
FloridaBilly Donovan
68.1%
ArkansasNolan Richardson
66.7%
LSUDale Brown
64.5%
Arkansas/Oklahoma StateEddie Sutton
64.5%
KentuckyAdolph Rupp
64.5%
UCLA/KansasLarry Brown
63.8%
SyracuseJim Boeheim
63.8%
Iowa/ArizonaLute Olson
59.6%
UNLVJerry Tarkanian
58.2%
MichiganSteve Fisher
57.4%
LouisvilleDenny Crum
54.6%
UCLABen Howland
48.9%
MarquetteAl McGuire
47.5%
St John's/UNCFrank McGuire
46.8%
Oklahoma StateHenry Iba
46.1%
KansasPhog Allen
44.7%
DepaulRay Meyer
40.4%
New Mexico State/IllinoisLou Henson
38.3%
School Coach % Correct
KentuckyJoe B. Hall
35.5%
HoustonGuy Lewis
33.3%
DukeMike K
29.8%
CaliforniaPete Newell
24.1%
UNCBill Guthridge
22%
Memphis/UCLAGene Bartow
22%
Ohio StateHarold Olsen
22%
VirginiaTerry Holland
21.3%
Ohio StateFred Taylor
20.6%
IndianaBranch McCracken
19.9%
Florida State/GeorgiaHugh Durham
17.7%
CincinnatiEd Jucker
17%
San FranciscoPhil Woolpert
14.9%
Charlotte/PurdueLee Rose
13.5%
DukeVic Bubas
12.1%
Kansas StateFred 'Tex' Winter
10.6%
KansasTed Owens
9.9%
CCNYNat Holman
8.5%
Bradley/Michigan StateForddy Anderson
8.5%
Oregon StateSlats Gill
7.1%
MichiganDave Strack
5%
Kansas State/UtahJack Gardner
3.5%
IllinoisHarry Combes
2.1%
Holy CrossDoggie Julian
1.4%
LaSalleKen Loeffler
0.7%
BaylorBill Henderson
0.7%
OklahomaBruce Drake
0.7%
IowaBucky O'Connor
0%
TempleHarry Litwack
0%

You're not logged in!

Compare scores with friends on all Sporcle quizzes.
Sign Up with Email
OR
Log In

You Might Also Like...

Show Comments

Extras

Top Quizzes Today


Score Distribution

Your Account Isn't Verified!

In order to create a playlist on Sporcle, you need to verify the email address you used during registration. Go to your Sporcle Settings to finish the process.